Scénes de la vie de province (Registro nro. 29284)

Detalles MARC
000 -LEADER
campo de control de longitud fija 00654nam a2200193 i 4500
001 - NÚMERO DE CONTROL
campo de control 29284
003 - IDENTIFICADOR DE NÚMERO DE CONTROL
campo de control ES-MaACL
005 - FECHA Y HORA DE LA ÚLTIMA TRANSACCIÓN
campo de control 20230906154014.0
007 - CAMPO FIJO DE DESCRIPCIÓN FÍSICA--INFORMACIÓN GENERAL
campo de control de longitud fija t|
008 - DATOS DE LONGITUD FIJA--INFORMACIÓN GENERAL
campo de control de longitud fija 030121s1857 fr ||||1| fre d
100 1# - ENTRADA PRINCIPAL--NOMBRE DE PERSONA
Nombre de persona Balzac, Honoré de,
Fechas asociadas al nombre 1799-1850
9 (RLIN) 25139
245 10 - MENCIÓN DEL TÍTULO
Título Scénes de la vie de province
Resto del título : Les parisiens en province ; L'Ilustre Gaudissart ; La muse du département /
Mención de responsabilidad, etc. Honoré de Balzac.
260 ## - PUBLICACIÓN, DISTRIBUCIÓN, ETC.
Lugar de publicación, distribución, etc. París :
Nombre del editor, distribuidor, etc. [s.n.,
Fecha de publicación, distribución, etc. 1857] (
Fabricante Imp. de la Lib. Nouvelle, A. Delcambre)
300 ## - DESCRIPCIÓN FÍSICA
Extensión 308 p. ;
Dimensiones 17 cm.
740 2# - ENTRADA AGREGADA--TÍTULO RELACIONADO/ANALÍTICO NO CONTROLADO
Título relacionado o analítico no controlado L'Illustre Gaudissart.
740 3# - ENTRADA AGREGADA--TÍTULO RELACIONADO/ANALÍTICO NO CONTROLADO
Título relacionado o analítico no controlado La muse du département.
852 ## - LOCALIZACIÓN
Ubicación ES-MaACL
Número de control de estantería G-13560
Existencias
Estatus retirado Estado de pérdida Estado de daño No para préstamo Colección Biblioteca de origen Biblioteca actual Ubicación en estantería Fecha de adquisición Fuente de adquisición Total de préstamos Signatura topográfica completa Código de barras Visto por última vez Precio de reemplazo Tipo de ítem Koha
        Libros del s. XIX Biblioteca del Ateneo de Madrid Biblioteca del Ateneo de Madrid Sala Pecera Planta 3 17/01/2008     G-13560 1030232 23/02/2023 23/02/2023 Libro impreso antiguo